Miasta Polski z końcówką "Podlaski" - Statystyki

Ogólne statystyki
  • Ten quiz został rozwiązany 37 razy
    13 od ostatniego zresetowania
  • Średni wynik to 5 z 6
Statystyki odpowiedzi
Województwo Miasto Populacja % Poprawnych
podlaskie Bielsk Podlaski 23.932
100%
lubelskie Radzyń Podlaski 14,361
100%
mazowieckie Sokołów Podlaski 18.433
92%
podlaskie Biała Podlaska 54,581
85%
lubelskie Janów Podlaski 2,659
85%
lubelskie Międzyrzec Podlaski 15,529
85%
Nie znaleziono quizów pasujących do podanych kryteriów
Rozkład punktacji
Procent ludzi z każdym wynikiem
Percentyl według liczby udzielonych odpowiedzi
Twoja historia wyników
Nie rozwiązałeś tego quizu od ostatniego zresetowania